Observations on Phytophthora diseases of Hevea (Record no. 64276)

MARC details
000 -LEADER
fixed length control field 00491nam a2200169Ia 4500
100 ## - MAIN ENTRY--AUTHOR NAME
Personal name Satchuthananthavale V
245 #0 - TITLE STATEMENT
Title Observations on Phytophthora diseases of Hevea
260 ## - PUBLICATION, DISTRIBUTION, ETC. (IMPRINT)
Name of publisher Rubber Research Institute of Sri Lanka Quarterly Journal
Year of publication 1973
300 ## - PHYSICAL DESCRIPTION
Number of Pages 228-243
650 ## - SUBJECT ADDED ENTRY--TOPICAL TERM
Topical Term Abnormal leaf fall
650 ## - SUBJECT ADDED ENTRY--TOPICAL TERM
Topical Term Disease control
650 ## - SUBJECT ADDED ENTRY--TOPICAL TERM
Topical Term Hevea
650 ## - SUBJECT ADDED ENTRY--TOPICAL TERM
Topical Term Phytophthora palmivora
700 ## - ADDED ENTRY--PERSONAL NAME
Personal name Dantarayana D M
942 ## - ADDED ENTRY ELEMENTS (KOHA)
Koha item type Journals
Holdings
Withdrawn status Lost status Damaged status Not for loan Home library Current library Shelving location Date acquired Serial Enumeration / chronology Koha item type
      Journals RRII Library RRII Library Pathology 17/12/2021 Volume 50, Issue 04-Mar Journals